00510nam a2200169Ia 4500008004100000020001400041040001900055041001200074082002700086245009000113260004200203300003000245650000900275651001900284700002700303850001000330131103s9999 xx 000 0 und d a195019261 aLoreto College aEnglish a791.4/BERbLCLIB/24758 aIngmar Bergmanb essays in criticism cedited by Stuart M.Kaminsky with Joseph F.Hill aLondonbOxford University Pressc1975 axi,340 p.b ill.c 21 cm. aFilm aMotion Picture aKaminsky,Stuart M.,ed. aLCLIB